000
00259nam a2200109Ia 4500
008
190912s9999||||xx |||||||||||||| ||und||
100
_a
Donald H. Sanders
245
0
_a
Computers Today With Basic
260
_a
USA
_b
Prentice
_c
1988
300
_a
782
942
_c
BK
999
_c
7109
_d
7109